Estado y dominación social en Costa RIca: III consolidación del estado nacional

Guardat en:
Dades bibliogràfiques
Autor principal: Vega Carballo, José Luis
Format: Text
Publicat: San José: Instituto Centroamericano de Administración pública
Etiquetes: Afegir etiqueta
Sense etiquetes, Sigues el primer a etiquetar aquest registre!

MARC

LEADER 00000 a a2200000 04500
001 15755
003
040
090 |a 014700  
100 |a Vega Carballo, José Luis  
245 |a Estado y dominación social en Costa RIca: III consolidación del estado nacional  
260 |a San José:   |b Instituto Centroamericano de Administración pública  
300 |a pp. 63-14 
500 |a Se trata de la segunda parte de un trabajo de síntesis e interpretaciones que abarcará principalmente el período 1820-1930  
999 |c 16749  |d 16749